[Event "BIH-chT1 30th"]
[Site "Gorazde"]
[Date "2023.08.30"]
[Round "7.4"]
[White "Simic, Aleksandar"]
[Black "Mujacic, Haris"]
[Result "1-0"]
[WhiteElo "2338"]
[BlackElo "1978"]
[PlyCount "47"]
[EventDate "2023.08.26"]
[EventType "team-tourn"]
[EventRounds "9"]
[EventCountry "BIH"]
[SourceTitle "EXT 2024"]
[Source "ChessBase"]
[SourceDate "2023.10.10"]
[SourceVersion "1"]
[SourceVersionDate "2023.10.10"]
[SourceQuality "1"]

1. e4 e6 2. Nf3 c5 3. d4 cxd4 4. Nxd4 a6 5. c4 Nf6 6. Bd3 Nc6 7. Nxc6 dxc6 8. 0-0 e5 9. Nc3 Be7 10. h3 0-0 11. Be3 Nd7 12. a3 Nc5 13. Be2 a5 14. b4 axb4 15. axb4 Rxa1 16. Qxa1 Na6 17. Rd1 Qc7 18. b5 Nc5 19. Qa7 Nd7 20. Bg4 Re8 21. b6 Qd8 22. Bxd7 Bxd7 23. Qxb7 Bb4 24. Rxd7 1-0

[Event "BIH-chT1 30th"]
[Site "Gorazde"]
[Date "2023.08.28"]
[Round "5.4"]
[White "Patkovic, Vahdet"]
[Black "Mujacic, Haris"]
[Result "1-0"]
[WhiteElo "2058"]
[BlackElo "1978"]
[PlyCount "67"]
[EventDate "2023.08.26"]
[EventType "team-tourn"]
[EventRounds "9"]
[EventCountry "BIH"]
[SourceTitle "EXT 2024"]
[Source "ChessBase"]
[SourceDate "2023.10.10"]
[SourceVersion "1"]
[SourceVersionDate "2023.10.10"]
[SourceQuality "1"]

1. e4 c5 2. Nf3 a6 3. c3 d5 4. e5 e6 5. d4 Bd7 6. a3 Bb5 7. Be2 Bxe2 8. Qxe2 c4 9. 0-0 Nc6 10. Nbd2 Na5 11. Ne1 Ne7 12. f4 h5 13. Nc2 Nf5 14. Ne3 g6 15. Rb1 Rc8 16. Nf3 Be7 17. Nxf5 gxf5 18. Be3 Kd7 19. Ng5 Bxg5 20. fxg5 Nb3 21. Rf3 Qg8 22. h4 Kc7 23. Rbf1 Kb8 24. Bf4 Qe8 25. Bh2 Ka8 26. Bg3 Qb5 27. Qc2 Rcf8 28. Qd1 Rfg8 29. Rxf5 exf5 30. Rxf5 Qd7 31. Qf3 Rh7 32. Qf4 Rg6 33. e6 Rxe6 34. Qb8# 1-0

[Event "Tuzla op 16th"]
[Site "Tuzla"]
[Date "2022.11.26"]
[Round "5"]
[White "Omercic, Muhamed"]
[Black "Mujacic, Haris"]
[Result "1/2-1/2"]
[WhiteElo "2068"]
[BlackElo "2005"]
[PlyCount "152"]
[EventDate "2022.11.24"]
[EventType "swiss"]
[EventRounds "7"]
[EventCountry "BIH"]
[SourceTitle "CBM 211 Extra"]
[Source "ChessBase"]
[SourceDate "2023.01.31"]
[SourceVersion "1"]
[SourceVersionDate "2023.01.31"]
[SourceQuality "1"]

1. d4 d5 2. Bf4 Nf6 3. e3 c5 4. c3 Nc6 5. Nf3 Qb6 6. Qb3 c4 7. Qc2 Bf5 8. Qc1 e6 9. Nbd2 Be7 10. b3 cxb3 11. axb3 0-0 12. Be2 Rfc8 13. Qb2 h6 14. 0-0 Nh5 15. Bg3 Nxg3 16. hxg3 a5 17. Ra2 Qd8 18. Rfa1 b6 19. Bb5 Rab8 20. Ne1 Rc7 21. Bd3 Rbc8 22. Bxf5 exf5 23. Rc1 h5 24. Raa1 b5 25. Ndf3 Ra7 26. Nd3 Rca8 27. Nfe5 Nxe5 28. Nxe5 Qb6 29. Qe2 g6 30. Qf3 Qe6 31. Ra2 Bd6 32. Nd3 Qe4 33. Qe2 Qe7 34. Rca1 Qc7 35. Rc1 a4 36. b4 Qc4 37. Rcc2 Kf8 38. Kf1 Ke7 39. Ke1 Kd7 40. Ra3 Kc6 41. Nb2 Qxe2+ 42. Kxe2 Rh8 43. Rc1 f6 44. Rh1 Rah7 45. Raa1 h4 46. gxh4 Rxh4 47. Rhg1 f4 48. Nd3 fxe3 49. fxe3 f5 50. Raf1 Re8 51. Kd2 Rh2 52. Rf2 Re4 53. g3 Rxf2+ 54. Nxf2 Re8 55. Ke2 Rh8 56. Kf3 g5 57. g4 f4 58. e4 dxe4+ 59. Kxe4 Rh2 60. Rf1 Be7 61. Ke5 Kd7 62. Kd5 Rg2 63. Nd3 Bd6 64. Rh1 a3 65. Rh7+ Be7 66. Ne5+ Ke8 67. Ke6 Bf8 68. Ra7 Kd8 69. Ra8+ Kc7 70. Rxf8 a2 71. Rf7+ Kb6 72. Nd7+ Kb7 73. Nc5+ Kb8 74. Rf8+ Ka7 75. Rf7+ Kb8 76. Rf8+ Ka7 1/2-1/2

[Event "BIH-chT 29th"]
[Site "Bihac"]
[Date "2022.08.27"]
[Round "7.3"]
[White "Zenelaj, Samuel"]
[Black "Mujacic, Haris"]
[Result "1-0"]
[WhiteElo "2289"]
[BlackElo "1999"]
[PlyCount "29"]
[EventDate "2022.08.23"]
[EventType "tourn"]
[EventRounds "9"]
[EventCountry "BIH"]
[SourceTitle "CBM 210 Extra"]
[Source "ChessBase"]
[SourceDate "2022.11.30"]
[SourceVersion "1"]
[SourceVersionDate "2022.11.30"]
[SourceQuality "1"]

1. e4 e5 2. Nf3 Nc6 3. Bb5 Nge7 4. Nc3 g6 5. d4 exd4 6. Nxd4 Bg7 7. Be3 0-0 8. Qd2 a6 9. Be2 b5 10. 0-0 d6 11. a4 b4 12. Nd5 Bb7 13. Bg5 h6 14. Nxc6 hxg5 15. Ndxe7+ 1-0

[Event "BIH-chT1A 28th"]
[Site "Mostar"]
[Date "2021.08.10"]
[Round "8.3"]
[White "Mujacic, Haris"]
[Black "Dizdarevic, Emir"]
[Result "0-1"]
[WhiteElo "2011"]
[BlackElo "2419"]
[PlyCount "70"]
[EventDate "2021.08.06"]
[EventType "team-tourn"]
[EventRounds "9"]
[EventCountry "BIH"]
[SourceTitle "CBM 203 Extra"]
[Source "ChessBase"]
[SourceDate "2021.09.30"]
[SourceVersion "1"]
[SourceVersionDate "2021.09.30"]
[SourceQuality "1"]
[WhiteTeam "Gracanica"]
[BlackTeam "Gnojnica Lukavac Imel"]
[WhiteTeamCountry "BIH"]
[BlackTeamCountry "BIH"]

1. d4 Nf6 2. c4 b6 3. Nc3 Bb7 4. Qc2 d5 5. cxd5 Nxd5 6. Nxd5 Qxd5 7. Nf3 e6 8. g3 Nc6 9. Bg2 Nxd4 10. Qa4+ Bc6 11. Nxd4 Bxa4 12. Bxd5 exd5 13. b3 Bd7 14. 0-0 c5 15. Nf3 f6 16. Bb2 Kf7 17. Kg2 Be7 18. Ne1 a5 19. Nd3 a4 20. h4 d4 21. e3 Bb5 22. Rfd1 dxe3 23. fxe3 axb3 24. axb3 Rxa1 25. Bxa1 Ra8 26. Bc3 Bc6+ 27. Kf2 Ra3 28. Nc1 h5 29. Ke2 Ke6 30. Kd3 Bd6 31. Rg1 Kf5 32. Kc2 Ra7 33. Kd3 Bb5+ 34. Kd2 Kg4 35. Kc2 Kf3 0-1

[Event "BIH-chT1A 28th"]
[Site "Mostar"]
[Date "2021.08.09"]
[Round "6.4"]
[White "Mujacic, Haris"]
[Black "Milekic, Daniel"]
[Result "0-1"]
[WhiteElo "2011"]
[BlackElo "2291"]
[PlyCount "64"]
[EventDate "2021.08.06"]
[EventType "team-tourn"]
[EventRounds "9"]
[EventCountry "BIH"]
[SourceTitle "CBM 203 Extra"]
[Source "ChessBase"]
[SourceDate "2021.09.30"]
[SourceVersion "1"]
[SourceVersionDate "2021.09.30"]
[SourceQuality "1"]
[WhiteTeam "Gracanica"]
[BlackTeam "Cazin Ljiljan"]
[WhiteTeamCountry "BIH"]
[BlackTeamCountry "BIH"]

1. e4 c5 2. Nf3 d6 3. d4 cxd4 4. Nxd4 Nf6 5. Nc3 a6 6. h3 e6 7. g4 h6 8. Be3 g5 9. Qd2 Nbd7 10. 0-0-0 Ne5 11. Be2 b5 12. a3 Bb7 13. f3 Rc8 14. h4 gxh4 15. g5 hxg5 16. Bxg5 Ng6 17. Ncxb5 axb5 18. Bxb5+ Ke7 19. Rhe1 Rc5 20. f4 Rxg5 21. fxg5 Nxe4 22. Rxe4 Bxe4 23. Re1 Qa8 24. Rxe4 Qxe4 25. Nc6+ Ke8 26. Qa5 Qh1+ 27. Kd2 Qg2+ 28. Kc3 Qf3+ 29. Kb4 d5+ 30. Ka4 Qf4+ 31. b4 Be7 32. Ne5+ Kf8 0-1

[Event "BIH-chT1A 28th"]
[Site "Mostar"]
[Date "2021.08.07"]
[Round "2.3"]
[White "Dumpor, Atif"]
[Black "Mujacic, Haris"]
[Result "1/2-1/2"]
[WhiteElo "2268"]
[BlackElo "2011"]
[PlyCount "59"]
[EventDate "2021.08.06"]
[EventType "team-tourn"]
[EventRounds "9"]
[EventCountry "BIH"]
[SourceTitle "CBM 203 Extra"]
[Source "ChessBase"]
[SourceDate "2021.09.30"]
[SourceVersion "1"]
[SourceVersionDate "2021.09.30"]
[SourceQuality "1"]
[WhiteTeam "Konjic Igman"]
[BlackTeam "Gracanica"]
[WhiteTeamCountry "BIH"]
[BlackTeamCountry "BIH"]

1. e4 e5 2. Nf3 Nc6 3. Bb5 a6 4. Bxc6 dxc6 5. 0-0 Qd6 6. d4 exd4 7. Nxd4 c5 8. Nb3 Qxd1 9. Rxd1 Bd6 10. Nc3 Ne7 11. Be3 b6 12. a4 Bb7 13. f4 f6 14. Nd2 0-0-0 15. Nc4 Nc6 16. Nd5 b5 17. axb5 axb5 18. Nxd6+ cxd6 19. Nc3 Nb4 20. Rd2 Rhe8 21. Nxb5 Rxe4 22. Bf2 Nd5 23. Rad1 Rb4 24. Nxd6+ Rxd6 25. Bxc5 Re6 26. Rxd5 Rxb2 27. R5d2 Re4 28. Bd4 Ra2 29. g3 Bc6 30. Kf2 1/2-1/2

[Event "Lukavac op 8th"]
[Site "Lukavac"]
[Date "2019.11.23"]
[Round "2"]
[White "Mujacic, Haris"]
[Black "Mujcinovic, Muharem"]
[Result "1-0"]
[WhiteElo "2025"]
[BlackElo "1770"]
[PlyCount "69"]
[EventDate "2019.11.22"]
[EventType "swiss"]
[EventRounds "7"]
[EventCountry "BIH"]
[SourceTitle "CBM 193 Extra"]
[Source "ChessBase"]
[SourceDate "2020.01.31"]
[SourceVersion "1"]
[SourceVersionDate "2020.01.31"]
[SourceQuality "1"]

1. e4 e5 2. Nf3 Nc6 3. Bc4 h6 4. d4 exd4 5. Nxd4 d6 6. 0-0 Nf6 7. Re1 Be7 8. Nxc6 bxc6 9. e5 Nh7 10. e6 d5 11. exf7+ Kxf7 12. Bb3 Nf6 13. c4 Rf8 14. Nc3 Bb7 15. Bf4 Kg8 16. Be5 Bb4 17. f3 Nd7 18. cxd5 Nxe5 19. dxc6+ Nf7 20. cxb7 Rb8 21. Bd5 Kh8 22. Qb3 Bc5+ 23. Kh1 Nd6 24. Ne4 Nxe4 25. Rxe4 Re8 26. Qc4 Bb6 27. Rae1 Rxe4 28. Qxe4 Qf6 29. Qe8+ Qf8 30. Qg6 a5 31. Be4 Qg8 32. Rd1 Re8 33. g3 Bc5 34. Rd7 Bd6 35. Rxg7 1-0

[Event "BIH-chT1"]
[Site "Bosanska Krupa"]
[Date "2018.08.30"]
[Round "9"]
[White "Redzepi, Mehmedalija"]
[Black "Mujacic, Haris"]
[Result "0-1"]
[WhiteElo "1883"]
[BlackElo "1972"]
[PlyCount "156"]
[EventDate "2018.08.25"]
[EventType "tourn"]
[EventRounds "9"]
[EventCountry "BIH"]
[SourceTitle "CBM 186 Extra"]
[Source "ChessBase"]
[SourceDate "2018.08.24"]
[SourceVersion "1"]
[SourceVersionDate "2018.08.24"]
[SourceQuality "1"]

1. d4 Nf6 2. c4 e6 3. a3 c5 4. d5 exd5 5. cxd5 d6 6. Nc3 a6 7. a4 g6 8. Bg5 Bg7 9. e4 0-0 10. Bd3 Re8 11. Nge2 Nbd7 12. f4 Qc7 13. 0-0 c4 14. Bc2 Qc5+ 15. Kh1 Ng4 16. Qe1 Ne3 17. Qd2 Nxf1 18. Rxf1 b5 19. h3 b4 20. Nd1 a5 21. Bh4 Ba6 22. Bf2 Qc7 23. Re1 Nc5 24. Nd4 b3 25. Bb1 Nxa4 26. g4 Nc5 27. f5 Nd7 28. Nc3 Ne5 29. g5 Qd7 30. Kg2 a4 31. Rh1 h5 32. gxh6 Bf6 33. Be3 Kh7 34. Rf1 Rg8 35. Kh2 Bc8 36. Qf2 Qe7 37. Ndb5 Bd7 38. Na3 g5 39. Ne2 g4 40. Bf4 Rac8 41. Bc1 gxh3 42. Kxh3 Rg4 43. Rg1 Rh4+ 44. Kg2 Ng4 45. Qa7 Rg8 46. Kf1 Nh2+ 47. Kf2 Rxg1 48. Nxg1 Ng4+ 49. Ke1 Qe5 50. Nxc4 Qg3+ 51. Kd1 Nf2+ 52. Ke2 Qd3+ 53. Kxf2 Bd4+ 54. Be3 Bxa7 55. Bxd3 Bxe3+ 56. Nxe3 Rh2+ 57. Ng2 Kxh6 58. Nf3 Rh1 59. Nfe1 Kg5 60. Kg3 Rh8 61. Ne3 Rh1 62. Nf3+ Kf6 63. Nf1 Ke7 64. N3h2 Rg1+ 65. Kf2 Rg8 66. Ke2 Rg2+ 67. Kd1 Rxb2 68. Nd2 a3 69. Nxb3 Ba4 70. Kc1 Rxb3 71. Bb1 Rh3 72. Nf1 Rc3+ 73. Kd2 a2 74. Bxa2 Rc2+ 75. Ke3 Rxa2 76. Nd2 Rxd2 77. Kxd2 Kf6 78. Ke3 Ke5 0-1

[Event "BIH-chT1"]
[Site "Bosanska Krupa"]
[Date "2018.08.27"]
[Round "4"]
[White "Abdic, Adnan"]
[Black "Mujacic, Haris"]
[Result "1-0"]
[WhiteElo "2123"]
[BlackElo "1972"]
[PlyCount "91"]
[EventDate "2018.08.25"]
[EventType "tourn"]
[EventRounds "9"]
[EventCountry "BIH"]
[SourceTitle "CBM 186 Extra"]
[Source "ChessBase"]
[SourceDate "2018.08.24"]
[SourceVersion "1"]
[SourceVersionDate "2018.08.24"]
[SourceQuality "1"]

1. e4 e5 2. Nf3 Nf6 3. Nc3 Nc6 4. Bb5 Bb4 5. 0-0 0-0 6. d3 Bxc3 7. bxc3 d6 8. h3 h6 9. Re1 Ne7 10. d4 c6 11. Bf1 Ng6 12. Bb2 Qc7 13. a4 Bd7 14. Nd2 Rfe8 15. dxe5 dxe5 16. Nc4 Rad8 17. Qd6 Qb8 18. a5 Be6 19. Qxb8 Rxb8 20. Nd6 Red8 21. Ba3 Ne8 22. Red1 Rd7 23. c4 Nxd6 24. Bxd6 Rbd8 25. c5 a6 26. Rdb1 f6 27. Bd3 Nf4 28. Bf1 Rf7 29. Rb4 Rdd7 30. Kh2 g5 31. g3 Ng6 32. Be2 Rg7 33. Rab1 Kh7 34. Bh5 Rdf7 35. Kg2 Bc8 36. Be2 Be6 37. Rd1 Rd7 38. Bh5 Nf4+ 39. gxf4 gxf4+ 40. Kh2 Rg5 41. Bf3 Rdg7 42. Rbb1 Bc8 43. Rg1 h5 44. Rxg5 Rxg5 45. Be7 Kg6 46. h4 1-0

[Event "World Amateur-ch U2000"]
[Site "Cagliari"]
[Date "2018.04.29"]
[Round "9"]
[White "Bonali, Leonardo"]
[Black "Mujacic, Haris"]
[Result "1-0"]
[WhiteElo "1901"]
[BlackElo "1953"]
[PlyCount "87"]
[EventDate "2018.04.22"]
[EventType "swiss"]
[EventRounds "9"]
[EventCountry "ITA"]
[SourceTitle "CBM 184 Extra"]
[Source "ChessBase"]
[SourceDate "2018.06.28"]
[SourceVersion "1"]
[SourceVersionDate "2018.06.28"]
[SourceQuality "1"]

1. d4 Nf6 2. c4 e5 3. dxe5 Ng4 4. Bf4 Nc6 5. Nf3 Bb4+ 6. Nbd2 Qe7 7. e3 Ngxe5 8. Nxe5 Nxe5 9. Be2 0-0 10. 0-0 Ng6 11. Bg3 Bd6 12. Bxd6 Qxd6 13. Nf3 Qe7 14. Qd4 b6 15. Rfd1 d6 16. b4 Bb7 17. Rac1 Rfd8 18. Qc3 c5 19. a4 Rac8 20. a5 d5 21. bxc5 Rxc5 22. axb6 axb6 23. Qb2 dxc4 24. Qxb6 Rdc8 25. Rc3 h6 26. Rdc1 Qe4 27. Bf1 Bd5 28. Nd2 Qe5 29. Qb4 Nh4 30. e4 Bxe4 31. Rxc4 Rxc4 32. Rxc4 Rxc4 33. Qxc4 Bxg2 34. Qxh4 Bxf1 35. Nxf1 Qe1 36. Qf4 Qd1 37. Qe4 f6 38. Kg2 Qb3 39. Ne3 Qb2 40. Qc4+ Kf8 41. Qc8+ Kf7 42. Qc7+ Ke6 43. Qxg7 Qb7+ 44. Qxb7 1-0

[Event "World Amateur-ch U2000"]
[Site "Cagliari"]
[Date "2018.04.28"]
[Round "8"]
[White "Mujacic, Haris"]
[Black "Aoyama, Edmundo"]
[Result "1-0"]
[WhiteElo "1953"]
[BlackElo "1864"]
[PlyCount "61"]
[EventDate "2018.04.22"]
[EventType "swiss"]
[EventRounds "9"]
[EventCountry "ITA"]
[SourceTitle "CBM 184 Extra"]
[Source "ChessBase"]
[SourceDate "2018.06.28"]
[SourceVersion "1"]
[SourceVersionDate "2018.06.28"]
[SourceQuality "1"]

1. d4 Nf6 2. Bf4 e6 3. e3 c5 4. Nd2 Nc6 5. c3 Be7 6. Bd3 d5 7. Ngf3 0-0 8. h3 b6 9. 0-0 Bb7 10. Qe2 Rc8 11. Rad1 cxd4 12. exd4 Nd7 13. Rfe1 Re8 14. Nf1 Bf6 15. Ne5 g6 16. Qg4 Bg7 17. h4 f5 18. Qh3 Ndxe5 19. dxe5 a6 20. Nh2 Bf8 21. Nf3 Be7 22. Ng5 Bxg5 23. Bxg5 Qc7 24. Bf6 Qf7 25. h5 Ne7 26. Re3 Kf8 27. hxg6 Nxg6 28. Rg3 Rc7 29. Qh6+ Kg8 30. Be2 f4 31. Rg5 1-0

[Event "World Amateur-ch U2000"]
[Site "Cagliari"]
[Date "2018.04.22"]
[Round "1"]
[White "Giordano, Enrico"]
[Black "Mujacic, Haris"]
[Result "0-1"]
[WhiteElo "1798"]
[BlackElo "1953"]
[PlyCount "120"]
[EventDate "2018.04.22"]
[EventType "swiss"]
[EventRounds "9"]
[EventCountry "ITA"]
[SourceTitle "CBM 184 Extra"]
[Source "ChessBase"]
[SourceDate "2018.06.28"]
[SourceVersion "1"]
[SourceVersionDate "2018.06.28"]
[SourceQuality "1"]

1. e4 e5 2. Nf3 Nc6 3. Bb5 a6 4. Ba4 Nf6 5. 0-0 b5 6. Bb3 Be7 7. Re1 d6 8. c3 0-0 9. h3 Na5 10. Bc2 c5 11. d3 Nd7 12. a4 b4 13. Nbd2 Rb8 14. c4 Nb6 15. b3 Nc6 16. Nf1 f5 17. exf5 Bxf5 18. Ne3 Be6 19. Bd2 Qd7 20. Kh2 Rf7 21. Rf1 Rbf8 22. a5 Na8 23. Nd5 h6 24. Be3 Bxh3 25. Ng1 Bg4 26. f3 Bf5 27. Ne2 Nc7 28. Nxe7+ Qxe7 29. Bf2 Ne6 30. Re1 Qg5 31. Rh1 Bg6 32. Qe1 Nf4 33. Nxf4 exf4 34. Bh4 Qh5 35. Kg1 Qe5 36. Kh2 Qh5 37. Kg1 Qe5 38. Kh2 Nd4 39. Qd2 Nf5 40. Rhe1 Ne3 41. Kg1 Bh7 42. d4 Qxd4 43. Bxh7+ Kxh7 44. Qxd4 cxd4 45. Ra2 d5 46. cxd5 Rd7 47. Rd2 Rxd5 48. Be7 Rc8 49. g3 Rc7 50. Bxb4 Nc2 51. Rc1 d3 52. Ba3 fxg3 53. Bb2 h5 54. Rcd1 Rcd7 55. f4 h4 56. Bc1 Kg6 57. Rg2 Kf5 58. Kh1 Kg4 59. Kg1 h3 60. Rgd2 h2+ 0-1

[Event "World Amateur-ch U2000"]
[Site "Spoleto"]
[Date "2017.04.08"]
[Round "9"]
[White "Mujacic, Haris"]
[Black "Intriago Rivera, Boris David"]
[Result "1/2-1/2"]
[WhiteElo "1971"]
[BlackElo "1744"]
[PlyCount "135"]
[EventDate "2017.04.01"]
[EventType "swiss"]
[EventRounds "9"]
[EventCountry "ITA"]
[SourceTitle "EXT 2024"]
[Source "ChessBase"]
[SourceDate "2023.10.10"]
[SourceVersion "1"]
[SourceVersionDate "2023.10.10"]
[SourceQuality "1"]

1. d4 Nf6 2. Nf3 c5 3. e3 g6 4. b3 Bg7 5. Bb2 cxd4 6. exd4 0-0 7. Nbd2 d5 8. Bd3 Nc6 9. a3 Bg4 10. h3 Bxf3 11. Nxf3 Qa5+ 12. Qd2 Qb6 13. 0-0 Ne4 14. Bxe4 dxe4 15. Ne5 Nxe5 16. dxe5 Rfd8 17. Qe2 Rac8 18. Rad1 Qc5 19. Qxe4 Rxd1 20. Rxd1 Qxc2 21. Rd8+ Bf8 22. Qd3 Qxd3 23. Rxd3 e6 24. b4 a6 25. Rd7 Rc2 26. Bd4 Rd2 27. Rd8 Kg7 28. Kf1 a5 29. Ke1 Rd3 30. Ke2 Rxa3 31. b5 Rb3 32. b6 Rb4 33. Kd3 Rb5 34. Kc4 Rb4+ 35. Kd3 Rb5 36. Rb8 Rd5 37. Kc4 Rd7 38. Ra8 Bb4 39. Rc8 Be1 40. Rc7 Rxd4+ 41. Kxd4 Bxf2+ 42. Kc4 Bxb6 43. Rxb7 Bf2 44. Rb5 Be1 45. Kc5 h5 46. Kd6 Bb4+ 47. Kd7 Bc3 48. Ke7 a4 49. Rb7 a3 50. Ra7 Bxe5 51. Rxa3 Bd4 52. Rd3 Bc5+ 53. Ke8 f5 54. Kd7 Kf6 55. Rc3 Bd4 56. Rc6 f4 57. Rxe6+ Kf5 58. Kd6 Bf6 59. Kd5 g5 60. Re8 g4 61. hxg4+ hxg4 62. Kc4 f3 63. gxf3 gxf3 64. Kd3 Bh4 65. Ke3 f2 66. Rf8+ Kg4 67. Rxf2 Bxf2+ 68. Kxf2 1/2-1/2

[Event "Nova Gorica op 22nd"]
[Site "Nova Gorica"]
[Date "2017.01.28"]
[Round "3"]
[White "Zirkelbach, Maj"]
[Black "Mujacic, Haris"]
[Result "1-0"]
[WhiteElo "2176"]
[BlackElo "1952"]
[PlyCount "65"]
[EventDate "2017.01.27"]
[EventType "swiss"]
[EventRounds "9"]
[EventCountry "SLO"]
[SourceTitle "CBM 176 Extra"]
[Source "ChessBase"]
[SourceDate "2017.03.02"]
[SourceVersion "1"]
[SourceVersionDate "2017.03.02"]
[SourceQuality "1"]

1. d4 Nf6 2. c4 e6 3. Nf3 Bb4+ 4. Bd2 Bxd2+ 5. Qxd2 d5 6. Nc3 0-0 7. e3 Nbd7 8. Ne5 Nxe5 9. dxe5 Nd7 10. f4 dxc4 11. 0-0-0 Qe7 12. Bxc4 Nb6 13. Bd3 Bd7 14. Qc2 h6 15. g4 Bc6 16. Rhg1 Nd5 17. Nxd5 Bxd5 18. g5 h5 19. g6 f5 20. exf6 Qxf6 21. Qe2 Rfd8 22. Kb1 e5 23. Qxh5 e4 24. Bc2 c6 25. Rg5 Be6 26. Bb3 Rxd1+ 27. Qxd1 Kf8 28. Qd6+ Qe7 29. Qxe6 Qxe6 30. Bxe6 Ke7 31. Bb3 Rh8 32. Rf5 Rxh2 33. Rf7+ 1-0

[Event "Lukavac op 5th"]
[Site "Lukavac"]
[Date "2016.11.26"]
[Round "4"]
[White "Mujacic, Haris"]
[Black "Trumic, Enes"]
[Result "0-1"]
[WhiteElo "1947"]
[BlackElo "2278"]
[PlyCount "100"]
[EventDate "2016.11.24"]
[EventType "swiss"]
[EventRounds "7"]
[EventCountry "BIH"]
[SourceTitle "EXT 2019"]
[Source "ChessBase"]
[SourceDate "2018.10.10"]
[SourceVersion "1"]
[SourceVersionDate "2018.10.10"]
[SourceQuality "1"]

1. d4 d5 2. c4 e6 3. cxd5 exd5 4. Nc3 Nf6 5. Bg5 c6 6. Qc2 Nbd7 7. e3 h6 8. Bh4 Be7 9. Bd3 0-0 10. Nf3 Nh5 11. Bxe7 Qxe7 12. 0-0 Rd8 13. Rab1 Nhf6 14. b4 a5 15. a3 axb4 16. axb4 b6 17. Na4 Bb7 18. Rfc1 Rac8 19. Qb2 Ra8 20. Ra1 g6 21. h3 Re8 22. Ra3 Qd6 23. Rca1 Rab8 24. Rc1 Ba8 25. Rb3 Bb7 26. Rbc3 Rbc8 27. R3c2 Ne4 28. Bxe4 dxe4 29. Ne5 Nxe5 30. dxe5 Qxe5 31. Qxe5 Rxe5 32. Rd2 Rb5 33. Rd7 Rb8 34. Rc7 Rxb4 35. Rd1 Ba6 36. Nc3 c5 37. Rdd7 Bc4 38. Nd5 Bxd5 39. Rxd5 Rf8 40. Rdd7 Kg7 41. g4 Kf6 42. h4 c4 43. Kf1 b5 44. Ke2 Rb2+ 45. Ke1 Rb3 46. Kd2 Rd3+ 47. Rxd3 exd3 48. Rc6+ Ke7 49. Rb6 Ra8 50. Rxb5 Ra2+ 0-1

[Event "Lukavac op 5th"]
[Site "Lukavac"]
[Date "2016.11.25"]
[Round "3"]
[White "Kozarcanin, Sead"]
[Black "Mujacic, Haris"]
[Result "1-0"]
[WhiteElo "2030"]
[BlackElo "1947"]
[PlyCount "99"]
[EventDate "2016.11.24"]
[EventType "swiss"]
[EventRounds "7"]
[EventCountry "BIH"]
[SourceTitle "EXT 2019"]
[Source "ChessBase"]
[SourceDate "2018.10.10"]
[SourceVersion "1"]
[SourceVersionDate "2018.10.10"]
[SourceQuality "1"]

1. Nf3 d5 2. d3 Nf6 3. Nbd2 e6 4. e4 Nc6 5. g3 Bc5 6. Bg2 dxe4 7. dxe4 e5 8. 0-0 0-0 9. h3 Qe7 10. c3 a5 11. Qc2 a4 12. Rd1 h6 13. Nc4 b5 14. Ne3 Bxe3 15. Bxe3 Na5 16. b4 axb3 17. axb3 Be6 18. Rdb1 Nd7 19. Nh4 c5 20. Nf5 Qd8 21. Bf1 c4 22. bxc4 bxc4 23. Rd1 Qc7 24. Ne7+ Kh8 25. Nd5 Qc6 26. Ra4 Nc5 27. Bxc5 Qxc5 28. Rda1 Bd7 29. Rb4 f5 30. Nb6 Rad8 31. Nxd7 Rxd7 32. exf5 Rfd8 33. Ra2 Rd2 34. Qxd2 Rxd2 35. Rxd2 e4 36. Re2 Nc6 37. Ra4 Ne5 38. Bg2 Nf3+ 39. Bxf3 exf3 40. Re8+ Kh7 41. g4 Qd5 42. Ra1 h5 43. Re3 Kh6 44. Kh1 Kg5 45. Rg1 h4 46. Rge1 Kf4 47. Re4+ Kg5 48. Rd4 Qb7 49. Re6 Qb1+ 50. Kh2 1-0

[Event "Prague Summer op-B 3rd"]
[Site "Prague"]
[Date "2016.08.11"]
[Round "8"]
[White "Cruz Guerra, Samuel"]
[Black "Mujacic, Haris"]
[Result "0-1"]
[WhiteElo "1918"]
[BlackElo "1884"]
[PlyCount "40"]
[EventDate "2016.08.05"]
[EventType "swiss"]
[EventRounds "9"]
[EventCountry "CZE"]
[SourceTitle "CBM 173 Extra"]
[Source "ChessBase"]
[SourceDate "2016.08.29"]
[SourceVersion "1"]
[SourceVersionDate "2016.08.29"]
[SourceQuality "1"]

1. e4 e6 2. d4 d5 3. exd5 exd5 4. Bd3 Nc6 5. c3 Bd6 6. Nf3 Nge7 7. Bg5 f6 8. Bh4 Bg4 9. 0-0 Qd7 10. Bg3 Bxg3 11. hxg3 h5 12. Qc2 0-0-0 13. Nh2 Be6 14. b4 h4 15. g4 Bxg4 16. Nxg4 Qxg4 17. Nd2 Rh5 18. Rfe1 Rg5 19. Bf1 Ng6 20. Nf3 Qxf3 0-1